000 00936nam0a22002531 4500
001 rc\2791116
005 20260407143758.0
035 _a(NLR Aleph) 006917229
090 _a7408855
_c7408855
100 _a20110915d1935 |||y0rusy50 ca
101 0 _arus
102 _aRU
105 _aa z |||||
200 1 _aСельскохозяйственные машины и орудия
_eУборочные
_e[Прейскурант]
210 _aМосква
_cТехноэкспорт
_d[1935]
_gтип. "Искра революции"
215 _aОбл., 31 с.
_cил.
_d29х22 см.
300 _aНа обл. подзаголовок: "Сеноуборочные и жатвенные"
710 0 2 _a"Техноэкспорт", всесоюзное об-ние
_3RU\NLR\AUTH\8810016356
_9530560
801 0 _aRU
_bNLR
_gpsbo
801 1 _aRU
_bELAR
_2rusmarc
852 _aNLR
_j35-13/349
942 _cBOOK
980 _aNB